000 00535nam a2200181Ia 4500
008 090123s9999 xx 000 0 und d
082 _b26588
_a891.463/जोखर
100 _aजोखर रामचंद्र
245 _aउष:काल
250 _a0
260 _bसानिया पब्लिकेशन
300 _a135
600 _aजोखर रामचंद्र
630 _aउष:काल
700 _aजोखर रामचंद्र
730 _aउष:काल
942 _cBOOK
999 _c64657
_d64657